000 00688nam a2200241Ia 4500
003 OSt
005 20220928132858.0
006 a|||||r|||| 00| 0
007 ta
008 220927b |||||||| |||| 00| 0 san d
020 _c595
024 _a127231
037 _b4522, 24/11/2015, Meharchand Lachhmandas Publicaitons
_cTextual
040 _aSDCL
_cSDCL
_bsan
041 _2san
_asan
082 _aQ121:21, N6
100 _aRaghuveer
_9483368
245 0 _aKrishnayajurvediya
260 _aDelhi
_c1996
650 _aSanskrit
_9391587
942 _hQ121:21, N6
_cTEXL
_2CC
999 _c796329
_d796329